| 000 | 01092pam a2200289 a 4500 | ||
|---|---|---|---|
| 999 |
_c129188 _d129188 |
||
| 001 | 4452315 | ||
| 003 | ARRUPE | ||
| 005 | 20190312145330.0 | ||
| 008 | 951214s1996 nyu b 001 0 eng | ||
| 010 | _a 95026813 | ||
| 020 | _a0312124341 | ||
| 040 |
_aDLC _cDLC _dDLC |
||
| 043 | _ae------ | ||
| 050 | 0 | 0 |
_aBX4220.E85 _bR36 1996 |
| 082 | 0 | 0 |
_a271/.9004 _220 |
| 100 | 1 |
_aRanft, Patricia. _945166 |
|
| 245 | 1 | 0 |
_aWomen and the religious life in premodern Europe / _cPatricia Ranft. |
| 250 | _a1st ed. | ||
| 260 |
_aNew York : _bSt. Martin's Press, _c1996. |
||
| 300 |
_axvi, 159 p. ; _c22 cm. |
||
| 504 | _aIncludes bibliographical references (p. [143]-151) and index. | ||
| 650 | 0 |
_aMonasticism and religious orders for women _zEurope _xHistory. _945167 |
|
| 651 | 0 |
_aEurope _xChurch history. _945168 |
|
| 856 | 4 | 2 |
_3Publisher description _uhttp://www.loc.gov/catdir/description/hol055/95026813.html |
| 906 |
_a7 _bcbc _corignew _d1 _eocip _f19 _gy-gencatlg |
||
| 942 |
_2lcc _cMONOGRAPH |
||